000 00829cam a22002531 4500
001 sa 66002305
003 DLC
005 20260227112228.0
008 840628s1964 ii 000 0 hino
010 _asa 66002305
025 _aPl480:I-H-2643
035 _a(OCoLC)21727465
040 _aDLC
_cCU
_dDLC
042 _apremarc
043 _aa-ii---
050 0 0 _aDS481.D45
_bA5 1964
100 1 _aDharmadhikari, Dada,
_d1899-1985.
245 1 0 _aMānavīya nishṭhā :
_bViśvanīṛam, Baṅgalora meṃ Maī '60meṃ kiye gaye pravacana.
_c[Lekhaka] Dada Dharmadhikari. Ādi-vacana: Raṅganātha Rā. Divākara.
250 _a[1. saṃskaraṇa]
260 _aVārānasi :
_bSarva-Seva-SanghaP̲rakaśana,
_c[1964]
300 _a6, 190 p. ;
_c18 cm.
500 _aIn Hindi.
651 0 _aIndia
_xPolitics and government
999 _c68295
_d68295